000 00751nam a2200241Ia 4500
005 20260430150718.0
008 008 250103s9999 xx 000 0 eng d
037 _aTheses
040 _aCRL
040 _beng
040 _ceng
041 _2eng
041 _aeng
084 _qCRL
100 _aGoyal Shipra Au.; Bhat Vishnu Gu.; Kulkarni Vishvas M. Gu.
_91238269
245 0 _aCharacterization of CcKIP1 Promoter in Arabidopsis Thaliana, and in-vitro Plant Regeneration through Somatic Embryogenesis in Cell Suspensions of Cenchrus Ciliaris L
260 _c2024
300 _a200p.
650 _aBotany
700 _aUniversity of Delhi. Faculty of Science. Deptt. of Botany
_91237477
942 _cTH
999 _c1850441
_d1850441